000 00355nam a2200121Ia 4500
008 220204s9999 xx 000 0 und d
082 _a658.3(540)
_bAGA;1
245 0 _aDynamics of personnel management in India: A book of readings
260 _aNew Delhi
_bTata McGraw Hill
_c1977
650 _aPersonnel management
700 _aAgarwal, R D
942 _cBK
999 _c22646
_d22646